Ready-to-use ESL activities for every month of the school year /

September: teacher notes and additional activities; Monthly activities, numbers, telling time, days of the week, months of the year, other monthly activities, school related activities, story & related activities. October: colors, shapes, foods and related activities... November...

Gorde:
Xehetasun bibliografikoak
Egile nagusia: Josel, Carol A.
Formatua: Liburua
Hizkuntza:English
Argitaratua: West Nyack, N.Y. : Center for Applied Research in Education, 1994.
Gaiak:
Etiketak: Etiketa erantsi
Etiketarik gabe, Izan zaitez lehena erregistro honi etiketa jartzen!
Thư viện lưu trữ: Mạng thư viện Đại học Đà Nẵng
LEADER 01391cam a2200361 i 4500
001 000047792
003 7486
005 20030310151714.0
008 010326|1994 vm 000 eng
020 |a 0876288484 
040 |a IRC  |c IRC  |d IRC 
041 0 |a eng 
082 1 4 |a 428.0078  |b JO-C 
100 1 |a Josel, Carol A. 
245 0 0 |a Ready-to-use ESL activities for every month of the school year /  |c Carol A. Josel ; illustrated by Carol and Gavrielle Josel. 
260 |a West Nyack, N.Y. :  |b Center for Applied Research in Education,  |c 1994. 
300 |a xvii, 312 p. :  |b ill. ;  |c 27.5cm. 
520 3 |a September: teacher notes and additional activities; Monthly activities, numbers, telling time, days of the week, months of the year, other monthly activities, school related activities, story & related activities. October: colors, shapes, foods and related activities... November... 
630 0 4 |a English language. 
630 0 4 |a Foreign speakers. 
630 0 4 |a Activity programs in education. 
650 0 4 |a Activity programs in education. 
650 0 4 |a English language  |x Study and teaching (Primary)  |x Foreign speakers  |v Aids and devices. 
OWN |a DUT 
999 |a From the UDN01 
TYP |a Monograph 
TYP |a Printed language 
980 |a Mạng thư viện Đại học Đà Nẵng